000 00538nam a2200241Ia 4500
008 210210b1944 xxu||||| |||| 00| 0 eng d
041 _aeng
082 _a920/91
100 _aSTRASBERGER (H)
245 _aCore of a continent: Problem of central and eastern Europe
260 _aBombay
_b-
_c1944
650 _aProblem
650 _aof
650 _aEurope
650 _aeastern
650 _aCore
650 _acontinent:
650 _acentral
650 _aand
650 _aa
690 _aHistory
906 _a024833
999 _c150453
_d150453